00378nam a2200109Ia 450000500170000000800410001710000170005824501400007526000190021530000110023465000230024520260328104327.0260328s9999||||xx |||||||||||||| ||und|| aGreever, Tom 0aArticulating Design decisions :b Communicate with Stakeholders, keep Your Sanity, and deliver the Best User Experience. /cTom Greever bO'Reilly Media a217 p. aDISEÑO GRÁFICO